Countries By Google Maps Screenshots #3 - Statistics

General Stats
  • This quiz has been taken 169 times
  • The average score is 14 of 16
Answer Stats
Picture Answer % Correct
United States
100%
China | Vietnam
96%
Italy | Tunisia
94%
India | Sri Lanka
93%
Brazil
92%
Kenya | Somalia | Tanzania
91%
Belarus | Estonia | Latvia | Lithuania | Russia
90%
Colombia | Ecuador
90%
Costa Rica | Panama
90%
Kenya | Tanzania | Uganda
90%
Papua New Guinea | Solomon Islands
90%
Armenia | Azerbaijan | Iran
89%
Argentina | Chile
88%
Portugal | Spain
77%
D. R. Congo | Zambia
75%
Cameroon | Equatorial Guinea
70%
No matching quizzes found
Score Distribution
Percent of People with Each Score
Percentile by Number Answered
Your Score History
You have not taken this quiz